| 000 | 00878nam a2200253Ia 4500 | ||
|---|---|---|---|
| 003 | OSt | ||
| 005 | 20221005113405.0 | ||
| 006 | a|||||r|||| 00| 0 | ||
| 007 | ta | ||
| 008 | 221004b |||||||| |||| 00| 0 pan d | ||
| 020 |
_a8178834383 (hbk) _c100 |
||
| 024 | _a11808 | ||
| 037 |
_b839, 20/03/2014, H.K. Prakashan _cTextual |
||
| 040 |
_aCRL _cCRL _bpan |
||
| 041 |
_2pan _apan |
||
| 082 | _aO153,3NBA3,AU, P8 | ||
| 100 | _aਬਾਵਾ, ਮਨਮੋਹਨ | ||
| 245 | 0 | _aਅਖ਼ਗਾਨਿਸਤਾਨ ਦੀ ਉਰਸੁਲਾ | |
| 260 |
_aਲੁਧਿਆਣਾ _bਚੇਤਨਾ ਪ੍ਰਕਾFਨ ਭਾਰਤ _c2008 |
||
| 300 |
_a108ਪੰ _ccm. |
||
| 650 | _aਪੰਜਾਬੀ ਸਾਹਿਤ | ||
| 942 |
_hO153,3NBA3,AU, P8 _cTEXL _2cc |
||
| 999 |
_c1028023 _d1028023 |
||